00676cam a2200229 a 450000100090000000300060000900500170001500800410003201000130007302000150008602000220010104000130012308200180013610000210015424500700017525000490024526000430029430000200033750400500035765000210040765000180042829357178OCoLC20181129112326.0931103s1994 cau b 001 0 eng  a93043253 a0830716734 a0830716815 (pbk.) aDLCcDLC a234.13bW132Y1 aWagner, C. Peter10aYour spiritual gifts can help your church grow /cC. Peter Wagner a15th anniversary ed., fully rev. and updated aVentura, Calif. :bRegal Books,cc1994 a272 p. ;c23 cm aIncludes bibliographical references and index 0aGifts, Spiritual 0aChurch growth